Quản lý chất lượng sản phẩm sau công bố : Nghiên cứu trường hợp thành phố Hải Phòng /

Spremljeno u:
Bibliografski detalji
Glavni autor: Đặng Thành Lê.
Format: Članak
Jezik:Vietnamese
Teme:
Oznake: Dodaj oznaku
Bez oznaka, Budi prvi tko označuje ovaj zapis!
Thư viện lưu trữ: Thư viện Trường Đại học Đà Lạt
LEADER 00879nam a2200265 4500
001 DLU180188236
005 ##20181029
040 # # |a DLU  |b vie 
041 # # |a vie 
044 # # |a vn 
100 # # |a Đặng Thành Lê. 
245 # # |a Quản lý chất lượng sản phẩm sau công bố :  |b Nghiên cứu trường hợp thành phố Hải Phòng /  |c Đặng Thành Lê. 
653 # # |a Quản lý chất lượng  
653 # # |a Quản lý chất lượng sau công bố 
653 # # |a Quản lý chất lượng tổng thể 
773 # # |t Nghiên cứu kinh tế  |g Số 4(467), 2017, tr. 63-72 
920 # # |a Phòng Tạp chí -- Trung tâm Thông tin - Thư viện Trường Đại học Đà Lạt 
994 # # |a DLU 
900 # # |a True 
911 # # |a Nguyễn Thị Thu Phương 
925 # # |a G 
926 # # |a A 
927 # # |a BB 
980 # # |a Thư viện Trường Đại học Đà Lạt